000 00242nam a22001217a 4500
003 SGT
082 _a823.92
_bCAB
100 _aCABOT MEG
245 _aBOY MEETS GIRL
260 _aUSA
_bHARPER PUB
_c2004
300 _a382
942 _2ddc
_cBK
999 _c33676
_d33676